Lushai chrysalis / (Record no. 22561)

MARC details
000 -LEADER
fixed length control field 01311nam a22003377a 4500
001 - CONTROL NUMBER
control field 3068114
003 - CONTROL NUMBER IDENTIFIER
control field BDDh-ASL
005 - DATE AND TIME OF LATEST TRANSACTION
control field 20231015030136.0
007 - PHYSICAL DESCRIPTION FIXED FIELD--GENERAL INFORMATION
fixed length control field hduafb---bacp
007 - PHYSICAL DESCRIPTION FIXED FIELD--GENERAL INFORMATION
fixed length control field hdubfb---baap
008 - FIXED-LENGTH DATA ELEMENTS--GENERAL INFORMATION
fixed length control field 970904s1949 enkab a 000 0 eng
010 ## - LIBRARY OF CONGRESS CONTROL NUMBER
LC control number 96911277
025 ## - OVERSEAS ACQUISITION NUMBER
Overseas acquisition number NBIL-08287
040 ## - CATALOGING SOURCE
Original cataloging agency DLC
Transcribing agency DLC
Modifying agency BDDh-ASL
042 ## - AUTHENTICATION CODE
Authentication code lcode
043 ## - GEOGRAPHIC AREA CODE
Geographic area code a-ii---
050 00 - LIBRARY OF CONGRESS CALL NUMBER
Classification number Microfilm BUL-ENG-453 (G)
082 ## - DEWEY DECIMAL CLASSIFICATION NUMBER
Classification number 954
Item number MCL
100 1# - MAIN ENTRY--PERSONAL NAME
Personal name McCall, A. G.
Fuller form of name (Anthony Gilchrist)
245 10 - TITLE STATEMENT
Title Lushai chrysalis /
Statement of responsibility, etc. by Anthony Gilchrist McCall ; with a foreword by Sir Keith Cantlie.
260 ## - PUBLICATION, DISTRIBUTION, ETC.
Place of publication, distribution, etc. London :
Name of publisher, distributor, etc. Luzac & Co.,
Date of publication, distribution, etc. 1949.
300 ## - PHYSICAL DESCRIPTION
Extent 320 p. :
Other physical details ill., map ;
Dimensions 21 cm.
520 ## - SUMMARY, ETC.
Summary, etc. Anthropological account of the people of Lushai Hills of Assam.
533 ## - REPRODUCTION NOTE
Type of reproduction Microfilm.
Place of reproduction New Delhi :
Agency responsible for reproduction Library of Congress Office ;
Place of reproduction Chicago :
Agency responsible for reproduction Available from Center for Research Libraries,
Date of reproduction 1996.
Physical description of reproduction On 1 microfilm reel with other items ; 35 mm.
Series statement of reproduction (SAMP early 20th-century Indian books project ; item 08287)
Note about reproduction Master microform held by: ICRL.
650 #0 - SUBJECT ADDED ENTRY--TOPICAL TERM
Topical term or geographic name entry element Anthropology
Geographic subdivision India
-- Assam.
650 #0 - SUBJECT ADDED ENTRY--TOPICAL TERM
Topical term or geographic name entry element Ethnology
Geographic subdivision India
-- Assam.
830 #0 - SERIES ADDED ENTRY--UNIFORM TITLE
Uniform title SAMP early 20th-century Indian books project ;
Volume/sequential designation item 08287.
906 ## - LOCAL DATA ELEMENT F, LDF (RLIN)
a 7
b cbc
c origode
d 5
e ncip
f 19
g y-genmicro
942 ## - ADDED ENTRY ELEMENTS (KOHA)
Source of classification or shelving scheme Dewey Decimal Classification
Koha item type Books
Holdings
Withdrawn status Lost status Source of classification or shelving scheme Damaged status Not for loan Collection code Home library Current library Shelving location Date acquired Source of acquisition Total Checkouts Full call number Barcode Date last seen Copy number Price effective from Koha item type Public note
    Dewey Decimal Classification Damaged Not For Loan Non-fiction Asiatic Society Library Asiatic Society Library General Stacks 03/01/2021 ASB Library Collections   954 MCL 106840 03/01/2021 C-1 03/01/2021 Books RARE

Powered by Koha